| 000 | 00340nam a22001097a 4500 | ||
|---|---|---|---|
| 082 |
_a338.479195493 _bSri _cD |
||
| 245 |
_aSri Lanka Offical tourist handbook _cCeylon tourist board publication |
||
| 260 |
_aColombo _bCeylon tourist board |
||
| 300 |
_a124 p. : _bill, ; _c18 cm. |
||
| 526 |
_a0 _b0 _c0 _d338_479195493000000_SRI |
||
| 942 |
_2ddc _cBK |
||
| 999 |
_c542117 _d542117 |
||